000 00585nam a2200229Ia 4500
003 OSt
005 20220918215739.0
006 a|||||r|||| 00| 0
007 ta
008 220917b |||||||| |||| 00| 0 eng d
024 _a142,438
037 _cTextual
040 _aARTS
_cARTS
_beng
041 _2eng
_aeng
082 _aY112:4, K9
100 _aStein Rita F
_9135048
245 0 _aDistrubed youth and ethic faimly patterns
260 _aNA
_bNA
_c1969
650 _aSOCIOLOGY
942 _hY112:4, K9
_cTEXL
_2CC
999 _c265396
_d265396